000 00885nam0a22002291 4500
001 rc\2561460
005 20260405082001.0
035 _a(NLR Aleph) 006726380
090 _a5497591
_c5497591
100 _a20110914d1927 |||y0rusy50 ca
101 0 _arus
102 _aRU
105 _ay z |||||
200 1 _aО сумме, зависящей от простого числа формы
_e(Представлено акад. Ф. Ю. Левинсон-Лессингом в ОМФ. 15 XII 1926)
210 _aБ. м.
_cБ. и.
_d[1927]
300 _aОтт. из: Доклады Академии наук СССР. 1927. Стр. 43-48
700 1 _4070
_7ca
_8rus
_aИванов
_bИ. И.
_cматематик
_f1862-1939
_gИван Иванович
_911799
_3RU\NLR\auth\7728768
801 0 _aRU
_bNLR
_gpsbo
801 1 _aRU
_bELAR
_2rusmarc
852 _aNLR
_j94/336
942 _cBOOK
980 _aNB